Fuel production from a brewery residue (Record no. 45581)

MARC details
000 -LEADER
fixed length control field 00301nam a2200121Ia 4500
100 ## - MAIN ENTRY--AUTHOR NAME
Personal name Tshiteya Mukuna
245 #0 - TITLE STATEMENT
Title Fuel production from a brewery residue
260 ## - PUBLICATION, DISTRIBUTION, ETC. (IMPRINT)
Name of publisher Energy
Year of publication 1985
300 ## - PHYSICAL DESCRIPTION
Number of Pages 1299-1300
650 ## - SUBJECT ADDED ENTRY--TOPICAL TERM
Topical Term Fuel production
942 ## - ADDED ENTRY ELEMENTS (KOHA)
Koha item type Reprints
Holdings
Withdrawn status Lost status Damaged status Not for loan Home library Current library Shelving location Date acquired Serial Enumeration / chronology Accession Number Koha item type
      Reprints RRII Library RRII Library Rubber technology 22/12/2021 Volume 10, Issue 12 P01117 Reprints